00660nam a22001817a 4500003000900000008004100009040007100050082001700121100002600138245002100164260003600185300005100221505010800272650002200380650001900402650002300421700003400444AR-CdUCM190528b ||||| |||| 00| 0 spa d aMUNICIPALIDAD PROVINCIAL DEL CUSCOcBIBLIOTECA MUNICIPAL DEL CUSCO a551.59 /bM5 aMiller, Arthur Austin aClimatología / aBarcelona :bEds. Omega,c1957. a375 páginas ;bMapas, ilustraciones,c23 cm. aContenido: Alcance y fines de la climatología -- Los elementos del clima -- Los factores del clima... aEcología humana aClimatología aFactores del clima aAntich, Ismael (traducción)